00266nam a2200109Ia 4500008004100000041000800041082001600049100001600065245002300081260003300104300001900137241028s9999 xx 000 0 und d aeng a658.472 SHA aShankarmani aBig Data Analytics bWiley IndiaaNew Delhic2017 a314;. P. 23 cm